ბათუმის შოთა რუსთაველის სახელმწიფო უნივერსიტეტის ბიბლიოთეკა

Основы векторного исчисления. Ч.1: Векторная алгебра. Элементы векторного анализа. (ბიბ.ჩანაწერი № 38968)

000 -LEADER
fixed length control field 00568nam a2200181Ia 4500
001 - CONTROL NUMBER
control field 5423
003 - CONTROL NUMBER IDENTIFIER
control field GE_BSU
008 - FIXED-LENGTH DATA ELEMENTS--GENERAL INFORMATION
fixed length control field 181216s||||||||xx |||||||||||||| ||und||
040 ## - CATALOGING SOURCE
Transcribing agency GE_BSU
080 ## - UNIVERSAL DECIMAL CLASSIFICATION NUMBER
Universal Decimal Classification number 514.742
100 ## - MAIN ENTRY--PERSONAL NAME
Personal name Дубнов Я.С
245 ## - TITLE STATEMENT
Title Основы векторного исчисления. Ч.1: Векторная алгебра. Элементы векторного анализа.
260 ## - PUBLICATION, DISTRIBUTION, ETC.
Place of publication, distribution, etc. М-.Л
260 ## - PUBLICATION, DISTRIBUTION, ETC.
Name of publisher, distributor, etc. Гостехиздат
260 ## - PUBLICATION, DISTRIBUTION, ETC.
Date of publication, distribution, etc. 1950.
653 ## - INDEX TERM--UNCONTROLLED
Uncontrolled term Основы векторного исчисления.
942 ## - ADDED ENTRY ELEMENTS (KOHA)
Koha item type წიგნი
ეგზემპლარები
Withdrawn status Lost status Damaged status Not for loan Date acquired Barcode Date last seen Price effective from Koha item type
        2018-12-17 16413 2018-12-17 2018-12-17 წიგნი